000 00401nam a2200133Ia 4500
008 100328s9999 xx 000 0 und d
082 _b46806
100 _aलळिंगकर योगिनी
245 _aस्वप्नपूर्ती
260 _bअंजनी
630 _aस्वप्नपूर्ती
730 _aस्वप्नपूर्ती
942 _cBOOK
999 _c534718
_d534715